000 00644pam a2200241 a 4500
005 20260322212041.0
008 data
010 _a 95015056
020 _a0534258123
020 _a9780534258122
040 _aDLC
_cDLC
_dDLC
050 0 0 _aP90
_b.V43 1996
082 0 0 _a302.2
_220
092 _a302.2 V43 1996
100 1 _aVerderber, Rudolph F.
245 1 0 _aCommunicate! /
_cRudolph F. Verderber.
250 _a8th ed.
260 _aBelmont, Calif. :
_bWadsworth Pub. Co.,
_cc1996.
300 _axxiii, 484 p. :
_bcol. ill. ;
_c23 cm.
504 _aIncludes bibliographical references and index.
650 0 _aCommunication.
001 data
999 _c955
_d955